Guess the 1960s song lyrics #184 - Statistics

General Stats
  • This quiz has been taken 21 times
    2 since last reset
  • The average score is 350 of 377
Answer Stats
Answer % Correct
all
100%
and
100%
baby
100%
be
100%
but
100%
Cause
100%
Come
100%
day
100%
did
100%
every
100%
eyes
100%
from
100%
girl
100%
Girl
100%
give
100%
Go
100%
go
100%
goodbye
100%
got
100%
have
100%
he
100%
He
100%
He'll
100%
He's
100%
hey
100%
Hey
100%
him
100%
I
100%
if
100%
I'm
100%
it
100%
It's
100%
kiss
100%
love
100%
me
100%
might
100%
my
100%
Na
100%
na
100%
never
100%
no
100%
now
100%
on
100%
one
100%
see
100%
So
100%
so
100%
that
100%
the
100%
to
100%
wanna
100%
way
100%
When
100%
wouldn't
100%
you
100%
your
100%
alright
50%
are
50%
can't
50%
cheer
50%
comfort
50%
cry
50%
each
50%
fallin
50%
gone
50%
here
50%
make
50%
near
50%
need
50%
really
50%
Steam
50%
tears
50%
those
50%
time
50%
we
50%
well
50%
yeah
50%
dog
0%
hurt
0%
knees
0%
Listen
0%
sad
0%
thrillin
0%
willin
0%
ya
0%
No matching quizzes found
Score Distribution
Percent of People with Each Score
Percentile by Number Answered
Your Score History
You have not taken this quiz since the last reset